Un point, c'est tout - Statistiques

Statistiques générales
  • Ce quiz a été pris 16 fois
  • Le résultat moyen est 16 sur 22
Statistiques - réponses
Catégorie Indice Réponse % Correct
Ponctuation : {Deux}-points
100%
Rapidité Lettre sur laquelle on met les points lorsque l'on s'exprime de manière claire et minutieuse I
100%
Ponctuation ! Point d'{exclamation}
100%
Ponctuation ? Point d'{interrogation}
100%
Ponctuation ... Points de {suspension}
100%
Ponctuation ; Point-{virgule}
100%
Culture générale Point de l’horizon servant à se diriger, à s’orienter. Sur une boussole ou sur un plan, on trouve généralement quatre principaux Point {cardinal}
94%
Culture générale Logiciel de présentation, notamment de diaporamas, développé par Microsoft PowerPoint
94%
Rapidité Nombre de points proposés par Woodrow Wilson pour reconstruire l'Europe à la fin de la Première Guerre mondiale 14
88%
Rapidité Nombre de points dans un set de badminton 21
88%
Rapidité Lettre correspondant à "…" en alphabet morse S
88%
Culture générale Nom donné au pôle maritime d'inaccessibilité, c'est-à-dire le point de l'océan le plus éloigné de toute terre émergée sur la planète Terre Point {Nemo}
75%
Culture générale Plus célèbre poste frontière de Berlin divisant la capitale durant la guerre froide Checkpoint Charlie
63%
Culture générale Film de Kathryn Bigelow dans lequel Keanu Reeves joue un ancien joueur de football américain devenu agent du FBI Point Break
63%
Culture générale « Plus une discussion en ligne se prolonge, plus la probabilité d'y trouver une comparaison impliquant les nazis ou Adolf Hitler s’approche de un. » : quel point vérifie cette phrase ? Point {Godwin}
56%
Culture générale Inventeur de la technique du pointillisme en peinture Georges Seurat
44%
Culture générale Slovaque recordman du nombre de classements par points remportés sur le Tour de France, au nombre de 7 Peter Sagan
44%
Culture générale Film de guerre de Mel Gibson s'intéressant à un objecteur de confiance (Andrew Garfield) souhaitant s'engager dans la guerre du Pacifique sans pour autant tuer ni porter d'arme Tu ne tueras point
38%
Culture générale Genre de jeu vidéo dont font partie Five Nights at Freddy's, Minecraft: Story Mode, Myst et Professeur Layton point-and-click
38%
Culture générale Basketteur considéré comme le meilleur tireur de l'Histoire, réputé pour marquer de nombreux paniers à 3 points Stephen Curry
38%
Ponctuation ؟ Point d'{ironie}
25%
Ponctuation · Point {médian}
19%
Aucun quiz correspondant
Distribution des résultats
% des personnes avec chaque résultat
Percentile par nombre de réponses
Votre historique - résultats
Vous n’avez pas pris ce quiz